[Event "Masters"]
[Site "Heerlen and Maastricht, NL"]
[Date "2025.06.05"]
[Round "3"]
[White "Grutter, Tim"]
[Black "Fier, Alexandr"]
[Result "1/2-1/2"]
[Board "4"]
[WhiteFideId "1057472"]
[BlackFideId "2107139"]
[WhiteTitle "IM"]
[BlackTitle "GM"]
[WhiteElo "2404"]
[BlackElo "2556"]
[WhiteTeam "NED"]
[BlackTeam "BRA"]
[WhiteClock "0:15:33"]
[BlackClock "1:02:26"]
[Variant "Standard"]

1. e4 {[%clk 1:30:57]}  c5 {[%clk 1:30:45]} 2. Nf3 {[%clk 1:31:21]}  Nc6 {[%clk 1:31:13]} 3. Bb5 {[%clk 1:31:45]}  g6 {[%clk 1:31:38]} 4. O-O {[%clk 1:31:28]}  Bg7 {[%clk 1:32:04]} 5. Bxc6 {[%clk 1:31:55]}  dxc6 {[%clk 1:32:28]} 6. d3 {[%clk 1:32:20]}  Nf6 {[%clk 1:32:53]} 7. h3 {[%clk 1:32:46]}  Nd7 {[%clk 1:33:19]} 8. Nc3 {[%clk 1:32:31]}  e5 {[%clk 1:33:31]} 9. Be3 {[%clk 1:32:07]}  b6 {[%clk 1:33:56]} 10. Qd2 {[%clk 1:31:42]}  Nf8 {[%clk 1:34:21]} 11. Rae1 {[%clk 1:28:02]}  Ne6 {[%clk 1:33:28]} 12. Ng5 {[%clk 1:26:02]}  h6 {[%clk 1:26:20]} 13. Nxe6 {[%clk 1:26:19]}  Bxe6 {[%clk 1:26:46]} 14. b3 {[%clk 1:23:39]}  Qd7 {[%clk 1:23:38]} 15. a4 {[%clk 1:13:32]}  a5 {[%clk 1:23:31]} 16. Ne2 {[%clk 1:12:39]}  g5 {[%clk 1:20:50]} 17. Ng3 {[%clk 1:11:09]}  f6 {[%clk 1:20:17]} 18. Nh5 {[%clk 1:06:16]}  Qf7 {[%clk 1:20:27]} 19. Qe2 {[%clk 1:03:56]}  Bf8 {[%clk 1:19:11]} 20. g4 {[%clk 1:00:43]}  Bd6 {[%clk 1:17:59]} 21. Qf3 {[%clk 0:55:40]}  Ke7 {[%clk 1:17:43]} 22. Bd2 {[%clk 0:48:40]}  Raf8 {[%clk 1:16:19]} 23. Kg2 {[%clk 0:44:15]}  Kd7 {[%clk 1:16:43]} 24. Qe2 {[%clk 0:42:30]}  Kc8 {[%clk 1:16:44]} 25. f3 {[%clk 0:42:13]}  Kb7 {[%clk 1:17:08]} 26. Bc3 {[%clk 0:40:47]}  Bc7 {[%clk 1:17:33]} 27. Ra1 {[%clk 0:40:28]}  Qe7 {[%clk 1:17:51]} 28. Ng3 {[%clk 0:39:16]}  Qd7 {[%clk 1:17:57]} 29. Rh1 {[%clk 0:38:49]}  Bf7 {[%clk 1:18:23]} 30. h4 {[%clk 0:30:15]}  h5 {[%clk 1:18:32]} 31. hxg5 {[%clk 0:29:14]}  h4 {[%clk 1:16:42]} 32. Nf5 {[%clk 0:29:34]}  fxg5 {[%clk 1:17:07]} 33. Rh3 {[%clk 0:28:27]}  Be6 {[%clk 1:17:26]} 34. Ne3 {[%clk 0:28:16]}  Rh6 {[%clk 1:13:44]} 35. Qd2 {[%clk 0:26:37]}  Rf4 {[%clk 1:11:58]} 36. Qe2 {[%clk 0:24:46]}  Rf8 {[%clk 1:10:39]} 37. Qd2 {[%clk 0:25:06]}  Rhf6 {[%clk 1:10:26]} 38. Qe2 {[%clk 0:23:58]}  Qf7 {[%clk 1:07:24]} 39. Qd1 {[%clk 0:21:59]}  Rd8 {[%clk 1:04:36]} 40. Qd2 {[%clk 0:18:59]}  Qg7 {[%clk 1:03:20]} 41. Qe2 {[%clk 0:18:47]}  Rf7 {[%clk 1:03:40]} 42. Nc4 {[%clk 0:16:42]}  Rd4 {[%clk 1:02:48]} 43. Rhh1 {[%clk 0:14:56]}  Rd8 {[%clk 1:02:45]} 44. Rh3 {[%clk 0:15:21]}  Rfd7 {[%clk 1:02:31]} 45. Rhh1 {[%clk 0:15:14]}  Rf8 {[%clk 1:02:26]} 46. Rh3 {[%clk 0:15:33]} 1/2-1/2

[Event "Masters"]
[Site "Heerlen and Maastricht, NL"]
[Date "2025.06.05"]
[Round "3"]
[White "Zelbel, Patrick"]
[Black "Van Meegen, Ruud"]
[Result "1-0"]
[Board "5"]
[WhiteFideId "24624322"]
[BlackFideId "1034995"]
[WhiteTitle "IM"]
[BlackTitle "FM"]
[WhiteElo "2488"]
[BlackElo "2317"]
[WhiteTeam "GER"]
[BlackTeam "NED"]
[WhiteClock "0:05:59"]
[BlackClock "0:25:05"]
[Variant "Standard"]

1. e4 {[%clk 1:30:57]}  c6 {[%clk 1:30:55]} 2. d4 {[%clk 1:31:10]}  d5 {[%clk 1:31:19]} 3. e5 {[%clk 1:31:24]}  Bf5 {[%clk 1:31:36]} 4. Nd2 {[%clk 1:31:24]}  e6 {[%clk 1:31:43]} 5. Nb3 {[%clk 1:31:32]}  a6 {[%clk 1:31:23]} 6. Nf3 {[%clk 1:30:36]}  c5 {[%clk 1:31:40]} 7. dxc5 {[%clk 1:27:37]}  Bxc5 {[%clk 1:32:00]} 8. Nxc5 {[%clk 1:28:01]}  Qa5+ {[%clk 1:32:25]} 9. c3 {[%clk 1:28:01]}  Qxc5 {[%clk 1:32:46]} 10. Be2 {[%clk 1:20:49]}  Ne7 {[%clk 1:30:47]} 11. Nd4 {[%clk 1:17:59]}  Qc7 {[%clk 1:29:14]} 12. f4 {[%clk 1:16:07]}  Be4 {[%clk 1:29:14]} 13. O-O {[%clk 1:15:14]}  Nbc6 {[%clk 1:28:53]} 14. Be3 {[%clk 1:14:00]}  O-O {[%clk 1:06:43]} 15. Rc1 {[%clk 1:09:16]}  Nxd4 {[%clk 0:58:02]} 16. Bxd4 {[%clk 1:00:58]}  Rfd8 {[%clk 0:58:10]} 17. Qd2 {[%clk 0:46:44]}  Rd7 {[%clk 0:46:18]} 18. Rfd1 {[%clk 0:39:44]}  Rad8 {[%clk 0:40:44]} 19. b4 {[%clk 0:35:31]}  Qc6 {[%clk 0:37:51]} 20. b5 {[%clk 0:33:21]}  axb5 {[%clk 0:30:16]} 21. Qb2 {[%clk 0:33:46]}  Qc7 {[%clk 0:30:36]} 22. Bxb5 {[%clk 0:31:21]}  Nc6 {[%clk 0:30:57]} 23. Qf2 {[%clk 0:28:45]}  Ra8 {[%clk 0:30:27]} 24. Bb6 {[%clk 0:28:21]}  Qc8 {[%clk 0:30:38]} 25. a4 {[%clk 0:27:59]}  Re7 {[%clk 0:29:09]} 26. Qc5 {[%clk 0:25:23]}  Re8 {[%clk 0:28:35]} 27. Ra1 {[%clk 0:24:09]}  Rf8 {[%clk 0:28:10]} 28. a5 {[%clk 0:23:58]}  Nb8 {[%clk 0:26:53]} 29. Qe7 {[%clk 0:17:58]}  Qxc3 {[%clk 0:24:42]} 30. Rac1 {[%clk 0:05:25]}  Qb2 {[%clk 0:24:10]} 31. Qxf8+ {[%clk 0:05:39]}  Kxf8 {[%clk 0:24:38]} 32. Rc8+ {[%clk 0:06:02]}  Ke7 {[%clk 0:25:05]} 33. Re8# {[%clk 0:05:59]} 1-0

[Event "Masters"]
[Site "Heerlen and Maastricht, NL"]
[Date "2025.06.06"]
[Round "4"]
[White "Braun, Christian"]
[Black "Van Meegen, Ruud"]
[Result "1-0"]
[Board "1"]
[WhiteFideId "4692098"]
[BlackFideId "1034995"]
[WhiteTitle "IM"]
[BlackTitle "FM"]
[WhiteElo "2390"]
[BlackElo "2317"]
[WhiteTeam "GER"]
[BlackTeam "NED"]
[WhiteClock "0:09:48"]
[BlackClock "0:02:13"]
[Variant "Standard"]

1. Nf3 {[%clk 1:30:55]}  Nf6 {[%clk 1:30:52]} 2. g3 {[%clk 1:30:29]}  c5 {[%clk 1:31:12]} 3. Bg2 {[%clk 1:30:48]}  Nc6 {[%clk 1:31:35]} 4. d3 {[%clk 1:23:59]}  e5 {[%clk 1:30:27]} 5. e4 {[%clk 1:24:07]}  d6 {[%clk 1:29:42]} 6. c3 {[%clk 1:24:26]}  g6 {[%clk 1:29:50]} 7. O-O {[%clk 1:24:40]}  Bg7 {[%clk 1:29:30]} 8. a3 {[%clk 1:25:00]}  O-O {[%clk 1:28:40]} 9. b4 {[%clk 1:21:31]}  c4 {[%clk 1:25:05]} 10. Re1 {[%clk 1:21:07]}  cxd3 {[%clk 1:23:42]} 11. Bg5 {[%clk 1:19:22]}  Be6 {[%clk 1:17:46]} 12. Qxd3 {[%clk 1:19:21]}  d5 {[%clk 1:08:51]} 13. exd5 {[%clk 1:18:40]}  Bxd5 {[%clk 1:09:03]} 14. Bxf6 {[%clk 1:07:24]}  Bxf6 {[%clk 1:09:01]} 15. Rd1 {[%clk 1:03:53]}  Be6 {[%clk 0:58:43]} 16. Qe2 {[%clk 1:02:56]}  Qc7 {[%clk 0:58:49]} 17. Nbd2 {[%clk 1:03:11]}  Bg7 {[%clk 0:56:02]} 18. Ng5 {[%clk 1:01:16]}  Bf5 {[%clk 0:55:44]} 19. Be4 {[%clk 0:57:13]}  Bd7 {[%clk 0:46:23]} 20. Qc4 {[%clk 0:56:34]}  Rac8 {[%clk 0:41:11]} 21. Bd5 {[%clk 0:55:36]}  Be8 {[%clk 0:38:02]} 22. Nge4 {[%clk 0:43:16]}  h6 {[%clk 0:33:14]} 23. Qc5 {[%clk 0:38:13]}  Ne7 {[%clk 0:32:31]} 24. Ba2 {[%clk 0:37:01]}  Qxc5 {[%clk 0:26:21]} 25. Nxc5 {[%clk 0:34:07]}  b6 {[%clk 0:26:38]} 26. Nce4 {[%clk 0:34:22]}  Rc7 {[%clk 0:24:13]} 27. c4 {[%clk 0:32:58]}  Nf5 {[%clk 0:22:43]} 28. Nc3 {[%clk 0:29:59]}  Bc6 {[%clk 0:21:51]} 29. c5 {[%clk 0:28:12]}  bxc5 {[%clk 0:22:09]} 30. b5 {[%clk 0:28:36]}  Bb7 {[%clk 0:21:50]} 31. Bd5 {[%clk 0:28:32]}  Nd6 {[%clk 0:16:52]} 32. Rac1 {[%clk 0:28:14]}  c4 {[%clk 0:13:48]} 33. a4 {[%clk 0:28:19]}  Rfc8 {[%clk 0:10:36]} 34. Nf1 {[%clk 0:24:53]}  Kf8 {[%clk 0:09:14]} 35. Ne3 {[%clk 0:24:50]}  Bxd5 {[%clk 0:06:22]} 36. Nexd5 {[%clk 0:24:51]}  Rb7 {[%clk 0:06:22]} 37. Ne3 {[%clk 0:22:53]}  Ne8 {[%clk 0:01:42]} 38. Ne4 {[%clk 0:19:45]}  Rbc7 {[%clk 0:01:09]} 39. g4 {[%clk 0:18:45]}  c3 {[%clk 0:01:05]} 40. a5 {[%clk 0:15:53]}  c2 {[%clk 0:01:15]} 41. Rd2 {[%clk 0:15:40]}  Rb8 {[%clk 0:00:41]} 42. Rd5 {[%clk 0:11:08]}  Nf6 {[%clk 0:00:53]} 43. Nxf6 {[%clk 0:11:18]}  Bxf6 {[%clk 0:01:19]} 44. Rxc2 {[%clk 0:11:23]}  Rxc2 {[%clk 0:01:05]} 45. Nxc2 {[%clk 0:11:49]}  Bd8 {[%clk 0:01:24]} 46. Nb4 {[%clk 0:12:11]}  Ra8 {[%clk 0:00:33]} 47. Nc6 {[%clk 0:12:28]}  Ke8 {[%clk 0:00:36]} 48. Rxe5+ {[%clk 0:09:22]}  Kd7 {[%clk 0:01:01]} 49. Rd5+ {[%clk 0:09:16]}  Kc7 {[%clk 0:01:26]} 50. Nxd8 {[%clk 0:09:09]}  Rxd8 {[%clk 0:01:50]} 51. b6+ {[%clk 0:09:23]}  axb6 {[%clk 0:02:13]} 52. axb6+ {[%clk 0:09:48]} 1-0

[Event "Masters"]
[Site "Heerlen and Maastricht, NL"]
[Date "2025.06.06"]
[Round "4"]
[White "Fier, Alexandr"]
[Black "Zelbel, Patrick"]
[Result "0-1"]
[Board "2"]
[WhiteFideId "2107139"]
[BlackFideId "24624322"]
[WhiteTitle "GM"]
[BlackTitle "IM"]
[WhiteElo "2556"]
[BlackElo "2488"]
[WhiteTeam "BRA"]
[BlackTeam "GER"]
[WhiteClock "0:37:51"]
[BlackClock "0:01:32"]
[Variant "Standard"]

1. e4 {[%clk 1:30:56]}  c5 {[%clk 1:30:53]} 2. Nf3 {[%clk 1:31:22]}  Nc6 {[%clk 1:31:11]} 3. d4 {[%clk 1:31:48]}  cxd4 {[%clk 1:31:37]} 4. Nxd4 {[%clk 1:32:13]}  Nf6 {[%clk 1:32:01]} 5. Nc3 {[%clk 1:32:39]}  e5 {[%clk 1:32:25]} 6. Ndb5 {[%clk 1:33:06]}  d6 {[%clk 1:32:46]} 7. Nd5 {[%clk 1:33:19]}  Nxd5 {[%clk 1:33:09]} 8. exd5 {[%clk 1:33:46]}  Ne7 {[%clk 1:32:42]} 9. c4 {[%clk 1:33:34]}  Ng6 {[%clk 1:32:34]} 10. Qa4 {[%clk 1:33:56]}  Bd7 {[%clk 1:32:56]} 11. Qb4 {[%clk 1:34:24]}  Qb8 {[%clk 1:33:10]} 12. h4 {[%clk 1:34:47]}  h5 {[%clk 1:33:00]} 13. Be2 {[%clk 1:33:51]}  Be7 {[%clk 1:29:09]} 14. g3 {[%clk 1:34:15]}  e4 {[%clk 1:20:21]} 15. Be3 {[%clk 1:24:16]}  a6 {[%clk 1:04:24]} 16. Nc3 {[%clk 1:24:33]}  f5 {[%clk 1:02:03]} 17. Bd4 {[%clk 1:24:49]}  Bf6 {[%clk 0:50:22]} 18. Bxf6 {[%clk 1:24:49]}  gxf6 {[%clk 0:50:48]} 19. a4 {[%clk 1:13:03]}  Qc7 {[%clk 0:44:53]} 20. a5 {[%clk 1:13:04]}  Kf7 {[%clk 0:43:50]} 21. Qb6 {[%clk 1:09:33]}  Rac8 {[%clk 0:40:33]} 22. Qxc7 {[%clk 1:09:59]}  Rxc7 {[%clk 0:41:00]} 23. Kd2 {[%clk 1:10:03]}  Ne5 {[%clk 0:36:23]} 24. b3 {[%clk 1:10:27]}  Kg6 {[%clk 0:36:12]} 25. Bd1 {[%clk 1:07:28]}  Kh6 {[%clk 0:32:58]} 26. Rf1 {[%clk 0:55:35]}  Re8 {[%clk 0:30:15]} 27. Ke3 {[%clk 0:52:31]}  Re7 {[%clk 0:23:31]} 28. Be2 {[%clk 0:51:56]}  Rc8 {[%clk 0:22:48]} 29. Rfc1 {[%clk 0:51:49]}  Ng6 {[%clk 0:21:40]} 30. Rh1 {[%clk 0:50:44]}  Ne5 {[%clk 0:16:58]} 31. Na2 {[%clk 0:51:00]}  Be8 {[%clk 0:15:22]} 32. Nb4 {[%clk 0:50:58]}  Bf7 {[%clk 0:14:49]} 33. Ra2 {[%clk 0:50:08]}  Bg6 {[%clk 0:08:08]} 34. Nc2 {[%clk 0:49:28]}  Bf7 {[%clk 0:08:15]} 35. Nd4 {[%clk 0:49:48]}  Bg6 {[%clk 0:07:52]} 36. Ra4 {[%clk 0:47:40]}  Nd3 {[%clk 0:05:50]} 37. Ne6 {[%clk 0:46:22]}  Bf7 {[%clk 0:03:35]} 38. Nf4 {[%clk 0:45:31]}  Nc5 {[%clk 0:02:56]} 39. Rb4 {[%clk 0:45:47]}  Rd8 {[%clk 0:01:40]} 40. Rb6 {[%clk 0:46:11]}  Be8 {[%clk 0:00:42]} 41. Ra1 {[%clk 0:46:36]}  Rh7 {[%clk 0:00:58]} 42. Bf1 {[%clk 0:46:39]}  Re7 {[%clk 0:01:10]} 43. Bh3 {[%clk 0:47:01]}  Bg6 {[%clk 0:01:24]} 44. b4 {[%clk 0:46:44]}  Nd3 {[%clk 0:01:50]} 45. Ne6 {[%clk 0:47:09]}  Rc8 {[%clk 0:01:52]} 46. c5 {[%clk 0:46:21]}  dxc5 {[%clk 0:02:12]} 47. bxc5 {[%clk 0:46:47]}  Rd7 {[%clk 0:01:00]} 48. d6 {[%clk 0:46:45]}  Re8 {[%clk 0:00:50]} 49. Nd4 {[%clk 0:43:39]}  Nxc5 {[%clk 0:00:34]} 50. Rc1 {[%clk 0:42:29]}  Re5 {[%clk 0:00:42]} 51. Rc4 {[%clk 0:32:44]}  Rd5 {[%clk 0:01:01]} 52. f3 {[%clk 0:33:11]}  exf3 {[%clk 0:00:52]} 53. Nxf3 {[%clk 0:33:38]}  Ne6 {[%clk 0:00:46]} 54. Nd4 {[%clk 0:33:43]}  Re5+ {[%clk 0:00:52]} 55. Kf3 {[%clk 0:33:45]}  Nxd4+ {[%clk 0:00:48]} 56. Rxd4 {[%clk 0:34:12]}  Rxa5 {[%clk 0:01:12]} 57. Bg2 {[%clk 0:34:15]}  Ra2 {[%clk 0:00:34]} 58. Bf1 {[%clk 0:34:43]}  Bf7 {[%clk 0:00:37]} 59. Bd3 {[%clk 0:35:02]}  Be6 {[%clk 0:00:43]} 60. Rb1 {[%clk 0:35:29]}  Ra5 {[%clk 0:00:50]} 61. Kf4 {[%clk 0:35:37]}  Re5 {[%clk 0:00:35]} 62. Rc1 {[%clk 0:35:36]}  Kg6 {[%clk 0:00:48]} 63. Rc8 {[%clk 0:36:03]}  Rxd6 {[%clk 0:00:55]} 64. Rxd6 {[%clk 0:36:10]}  Bxc8 {[%clk 0:01:24]} 65. Rd8 {[%clk 0:36:33]}  Be6 {[%clk 0:01:26]} 66. Rb8 {[%clk 0:36:39]}  Rd5 {[%clk 0:01:32]} 67. Ke3 {[%clk 0:37:05]}  Re5+ {[%clk 0:01:11]} 68. Kf4 {[%clk 0:37:32]}  Bd5 {[%clk 0:00:38]} 69. g4 {[%clk 0:36:43]}  hxg4 {[%clk 0:00:44]} 70. h5+ {[%clk 0:37:10]}  Kxh5 {[%clk 0:00:50]} 71. Bxf5 {[%clk 0:37:37]}  Kh6 {[%clk 0:01:12]} 72. Kxg4 {[%clk 0:36:17]}  Kg7 {[%clk 0:01:22]} 73. Rc8 {[%clk 0:36:45]}  Kf7 {[%clk 0:01:26]} 74. Rh8 {[%clk 0:37:02]}  Ke7 {[%clk 0:01:32]} 75. Kf4 {[%clk 0:37:29]}  a5 {[%clk 0:01:22]} 76. Ra8 {[%clk 0:37:51]}  Bc6 {[%clk 0:01:32]} 0-1

[Event "Masters"]
[Site "Heerlen and Maastricht, NL"]
[Date "2025.06.06"]
[Round "4"]
[White "Vrolijk, Liam"]
[Black "Grutter, Tim"]
[Result "1-0"]
[Board "3"]
[WhiteFideId "1048333"]
[BlackFideId "1057472"]
[WhiteTitle "GM"]
[BlackTitle "IM"]
[WhiteElo "2509"]
[BlackElo "2404"]
[WhiteTeam "NED"]
[BlackTeam "NED"]
[WhiteClock "0:03:25"]
[BlackClock "0:00:37"]
[Variant "Standard"]

1. g3 {[%clk 1:30:54]}  g6 {[%clk 1:29:35]} 2. Bg2 {[%clk 1:30:23]}  Bg7 {[%clk 1:29:45]} 3. d4 {[%clk 1:30:20]}  Nf6 {[%clk 1:26:38]} 4. e4 {[%clk 1:30:23]}  d6 {[%clk 1:26:48]} 5. Ne2 {[%clk 1:30:25]}  O-O {[%clk 1:26:40]} 6. O-O {[%clk 1:30:04]}  e5 {[%clk 1:24:57]} 7. Nbc3 {[%clk 1:29:56]}  exd4 {[%clk 1:23:04]} 8. Nxd4 {[%clk 1:30:19]}  Re8 {[%clk 1:22:06]} 9. Bf4 {[%clk 1:29:30]}  Bd7 {[%clk 1:14:57]} 10. a4 {[%clk 1:22:39]}  Nc6 {[%clk 1:13:28]} 11. Nde2 {[%clk 1:22:01]}  Be6 {[%clk 1:08:34]} 12. h3 {[%clk 1:16:42]}  Nd7 {[%clk 1:00:58]} 13. Be3 {[%clk 1:10:03]}  Bc4 {[%clk 0:58:29]} 14. Re1 {[%clk 0:59:33]}  Bxe2 {[%clk 0:48:06]} 15. Rxe2 {[%clk 0:50:34]}  Nc5 {[%clk 0:39:37]} 16. Qd2 {[%clk 0:32:21]}  Ne6 {[%clk 0:30:38]} 17. Rd1 {[%clk 0:28:05]}  Ne5 {[%clk 0:09:03]} 18. b3 {[%clk 0:25:19]}  Nf3+ {[%clk 0:08:14]} 19. Bxf3 {[%clk 0:25:41]}  Qf6 {[%clk 0:08:43]} 20. Kg2 {[%clk 0:23:22]}  Qxc3 {[%clk 0:09:09]} 21. Qxc3 {[%clk 0:18:08]}  Bxc3 {[%clk 0:09:37]} 22. e5 {[%clk 0:18:30]}  dxe5 {[%clk 0:08:46]} 23. Bxb7 {[%clk 0:18:22]}  Rad8 {[%clk 0:07:54]} 24. Rxd8 {[%clk 0:18:44]}  Rxd8 {[%clk 0:06:15]} 25. Bxa7 {[%clk 0:18:25]}  c5 {[%clk 0:06:04]} 26. Be4 {[%clk 0:17:00]}  Ba5 {[%clk 0:05:00]} 27. Re3 {[%clk 0:14:20]}  Rd2 {[%clk 0:01:03]} 28. Bd3 {[%clk 0:13:59]}  Bc7 {[%clk 0:00:53]} 29. a5 {[%clk 0:08:35]}  Bxa5 {[%clk 0:01:12]} 30. Rxe5 {[%clk 0:08:58]}  Bc3 {[%clk 0:00:53]} 31. Re2 {[%clk 0:08:49]}  Rxe2 {[%clk 0:00:34]} 32. Bxe2 {[%clk 0:09:14]}  Bb4 {[%clk 0:00:34]} 33. Bc4 {[%clk 0:07:04]}  Nd4 {[%clk 0:00:37]} 34. c3 {[%clk 0:07:16]}  Bxc3 {[%clk 0:01:04]} 35. Bxc5 {[%clk 0:07:41]}  Nc2 {[%clk 0:00:52]} 36. Kf3 {[%clk 0:07:34]}  Nb4 {[%clk 0:00:59]} 37. Ke4 {[%clk 0:07:27]}  Be1 {[%clk 0:00:57]} 38. g4 {[%clk 0:07:16]}  h6 {[%clk 0:01:04]} 39. f4 {[%clk 0:06:48]}  Kg7 {[%clk 0:00:58]} 40. Bd4+ {[%clk 0:06:18]}  Kf8 {[%clk 0:01:02]} 41. Bf6 {[%clk 0:06:10]}  h5 {[%clk 0:00:39]} 42. gxh5 {[%clk 0:05:58]}  gxh5 {[%clk 0:01:08]} 43. h4 {[%clk 0:05:50]}  Nc6 {[%clk 0:00:45]} 44. f5 {[%clk 0:04:19]}  Ne7 {[%clk 0:00:45]} 45. Bg5 {[%clk 0:04:21]}  Nc8 {[%clk 0:00:32]} 46. Be2 {[%clk 0:03:50]}  Kg7 {[%clk 0:00:41]} 47. f6+ {[%clk 0:03:48]}  Kg6 {[%clk 0:01:06]} 48. Kd5 {[%clk 0:02:54]}  Kf5 {[%clk 0:01:09]} 49. Bxh5 {[%clk 0:03:09]}  Bc3 {[%clk 0:00:37]} 50. Bxf7 {[%clk 0:03:25]} 1-0

[Event "Masters"]
[Site "Heerlen and Maastricht, NL"]
[Date "2025.06.06"]
[Round "4"]
[White "De Boer, Eelke"]
[Black "Beukema, Stefan"]
[Result "1-0"]
[Board "4"]
[WhiteFideId "1048120"]
[BlackFideId "1024523"]
[WhiteTitle "IM"]
[BlackTitle "IM"]
[WhiteElo "2409"]
[BlackElo "2423"]
[WhiteTeam "NED"]
[BlackTeam "BEL"]
[WhiteClock "0:02:52"]
[BlackClock "0:05:59"]
[Variant "Standard"]

1. d4 {[%clk 1:30:56]}  d5 {[%clk 1:30:36]} 2. c4 {[%clk 1:31:19]}  c6 {[%clk 1:31:02]} 3. Nc3 {[%clk 1:31:27]}  Nf6 {[%clk 1:31:23]} 4. e3 {[%clk 1:31:31]}  e6 {[%clk 1:27:17]} 5. Nf3 {[%clk 1:31:45]}  Nbd7 {[%clk 1:27:40]} 6. Be2 {[%clk 1:32:01]}  dxc4 {[%clk 1:27:24]} 7. a4 {[%clk 1:32:15]}  Bb4 {[%clk 1:09:37]} 8. Bxc4 {[%clk 1:31:22]}  O-O {[%clk 1:08:03]} 9. O-O {[%clk 1:30:32]}  Qe7 {[%clk 1:06:28]} 10. Re1 {[%clk 1:12:24]}  c5 {[%clk 1:02:21]} 11. a5 {[%clk 1:05:40]}  a6 {[%clk 0:54:17]} 12. Qe2 {[%clk 0:33:41]}  b5 {[%clk 0:37:11]} 13. axb6 {[%clk 0:33:55]}  Nxb6 {[%clk 0:37:30]} 14. Bd3 {[%clk 0:34:16]}  Rd8 {[%clk 0:32:30]} 15. dxc5 {[%clk 0:26:53]}  Bxc5 {[%clk 0:28:30]} 16. e4 {[%clk 0:25:47]}  e5 {[%clk 0:28:09]} 17. h3 {[%clk 0:20:23]}  h6 {[%clk 0:26:04]} 18. Ra5 {[%clk 0:19:48]}  Nh5 {[%clk 0:18:57]} 19. Be3 {[%clk 0:11:10]}  Nf4 {[%clk 0:18:51]} 20. Bxf4 {[%clk 0:11:38]}  exf4 {[%clk 0:19:14]} 21. e5 {[%clk 0:12:00]}  Bb7 {[%clk 0:14:59]} 22. e6 {[%clk 0:11:09]}  Qxe6 {[%clk 0:11:36]} 23. Rxc5 {[%clk 0:05:28]}  Bxf3 {[%clk 0:11:48]} 24. Qxe6 {[%clk 0:05:20]}  fxe6 {[%clk 0:12:13]} 25. Rxe6 {[%clk 0:05:44]}  Rab8 {[%clk 0:10:46]} 26. Bxa6 {[%clk 0:05:33]}  Ba8 {[%clk 0:10:54]} 27. Rc7 {[%clk 0:04:03]}  Nd5 {[%clk 0:09:35]} 28. Nxd5 {[%clk 0:04:31]}  Bxd5 {[%clk 0:08:07]} 29. Ree7 {[%clk 0:05:00]}  Rxb2 {[%clk 0:08:30]} 30. Rxg7+ {[%clk 0:05:18]}  Kf8 {[%clk 0:08:51]} 31. Rh7 {[%clk 0:03:05]}  Bg8 {[%clk 0:08:35]} 32. Rh8 {[%clk 0:03:34]}  Rb1+ {[%clk 0:07:20]} 33. Kh2 {[%clk 0:04:03]}  Rdd1 {[%clk 0:07:42]} 34. g4 {[%clk 0:04:04]}  fxg3+ {[%clk 0:06:26]} 35. Kxg3 {[%clk 0:04:31]}  Rg1+ {[%clk 0:06:48]} 36. Kh4 {[%clk 0:02:44]}  Rb4+ {[%clk 0:06:18]} 37. Bc4 {[%clk 0:02:26]}  Rg7 {[%clk 0:05:32]} 38. Rxg7 {[%clk 0:02:11]}  Rxc4+ {[%clk 0:05:37]} 39. Rg4 {[%clk 0:02:33]}  Rxg4+ {[%clk 0:05:59]} 40. hxg4 {[%clk 0:02:52]} 1-0

[Event "Masters"]
[Site "Heerlen and Maastricht, NL"]
[Date "2025.06.06"]
[Round "4"]
[White "De Winter, Arthur"]
[Black "Schoppen, Casper"]
[Result "1/2-1/2"]
[Board "5"]
[WhiteFideId "1069020"]
[BlackFideId "1046730"]
[WhiteTitle "IM"]
[BlackTitle "GM"]
[WhiteElo "2460"]
[BlackElo "2535"]
[WhiteTeam "NED"]
[BlackTeam "NED"]
[WhiteClock "0:07:57"]
[BlackClock "0:00:41"]
[Variant "Standard"]

1. e4 {[%clk 1:30:57]}  e5 {[%clk 1:28:42]} 2. Nf3 {[%clk 1:31:23]}  Nc6 {[%clk 1:29:08]} 3. Bc4 {[%clk 1:31:49]}  Nf6 {[%clk 1:29:15]} 4. d3 {[%clk 1:32:12]}  Bc5 {[%clk 1:28:55]} 5. c3 {[%clk 1:32:36]}  d6 {[%clk 1:28:10]} 6. O-O {[%clk 1:32:58]}  h6 {[%clk 1:23:28]} 7. b4 {[%clk 1:31:47]}  Bb6 {[%clk 1:23:52]} 8. a4 {[%clk 1:32:12]}  a5 {[%clk 1:21:50]} 9. b5 {[%clk 1:32:37]}  Ne7 {[%clk 1:22:11]} 10. Re1 {[%clk 1:30:17]}  O-O {[%clk 1:20:16]} 11. Nbd2 {[%clk 1:26:49]}  Ng6 {[%clk 1:14:31]} 12. d4 {[%clk 1:21:36]}  c6 {[%clk 1:04:51]} 13. Bf1 {[%clk 1:17:36]}  Re8 {[%clk 1:01:14]} 14. h3 {[%clk 1:14:57]}  Bc7 {[%clk 0:54:18]} 15. Bb2 {[%clk 1:08:29]}  Bd7 {[%clk 0:50:03]} 16. dxe5 {[%clk 0:50:41]}  dxe5 {[%clk 0:47:57]} 17. g3 {[%clk 0:48:42]}  cxb5 {[%clk 0:39:54]} 18. axb5 {[%clk 0:48:59]}  Bb6 {[%clk 0:38:34]} 19. Nc4 {[%clk 0:48:10]}  Bc5 {[%clk 0:37:25]} 20. Nd6 {[%clk 0:33:33]}  Qb6 {[%clk 0:35:30]} 21. Nxe8 {[%clk 0:33:42]}  Bxf2+ {[%clk 0:35:47]} 22. Kg2 {[%clk 0:34:07]}  Rxe8 {[%clk 0:35:41]} 23. Re2 {[%clk 0:34:26]}  Bc5 {[%clk 0:33:28]} 24. c4 {[%clk 0:34:01]}  Be6 {[%clk 0:30:36]} 25. Qb3 {[%clk 0:32:43]}  Qc7 {[%clk 0:28:45]} 26. Ba3 {[%clk 0:30:17]}  Bb6 {[%clk 0:23:02]} 27. Rc1 {[%clk 0:29:47]}  Rc8 {[%clk 0:22:54]} 28. Qd1 {[%clk 0:22:16]}  Bc5 {[%clk 0:18:51]} 29. Bxc5 {[%clk 0:20:55]}  Qxc5 {[%clk 0:19:16]} 30. Re1 {[%clk 0:17:46]}  Nd7 {[%clk 0:13:11]} 31. Qd2 {[%clk 0:14:16]}  Ra8 {[%clk 0:13:10]} 32. Qe3 {[%clk 0:11:02]}  a4 {[%clk 0:13:12]} 33. Kf2 {[%clk 0:10:19]}  f6 {[%clk 0:12:24]} 34. Qxc5 {[%clk 0:08:24]}  Nxc5 {[%clk 0:12:53]} 35. Ke3 {[%clk 0:08:48]}  Nf8 {[%clk 0:12:02]} 36. Nd2 {[%clk 0:07:37]}  Nfd7 {[%clk 0:11:37]} 37. Rc3 {[%clk 0:03:33]}  Kf7 {[%clk 0:11:26]} 38. Ra1 {[%clk 0:03:36]}  Nb6 {[%clk 0:09:32]} 39. Bd3 {[%clk 0:03:26]}  Bxh3 {[%clk 0:09:33]} 40. Bc2 {[%clk 0:03:11]}  Be6 {[%clk 0:09:50]} 41. Rca3 {[%clk 0:03:35]}  h5 {[%clk 0:09:12]} 42. Bd1 {[%clk 0:03:36]}  g6 {[%clk 0:09:25]} 43. Rc1 {[%clk 0:02:34]}  Rd8 {[%clk 0:09:22]} 44. Rca1 {[%clk 0:02:52]}  Ke7 {[%clk 0:05:57]} 45. Bxa4 {[%clk 0:03:06]}  Nbxa4 {[%clk 0:06:14]} 46. Rxa4 {[%clk 0:03:35]}  Rd3+ {[%clk 0:06:25]} 47. Ke2 {[%clk 0:03:56]}  Bg4+ {[%clk 0:06:50]} 48. Ke1 {[%clk 0:04:21]}  Nxa4 {[%clk 0:05:03]} 49. Rxa4 {[%clk 0:04:49]}  Rxg3 {[%clk 0:04:03]} 50. Ra7 {[%clk 0:05:18]}  Bc8 {[%clk 0:04:24]} 51. c5 {[%clk 0:05:47]}  Kd8 {[%clk 0:04:40]} 52. c6 {[%clk 0:05:23]}  bxc6 {[%clk 0:04:13]} 53. b6 {[%clk 0:05:53]}  Re3+ {[%clk 0:04:19]} 54. Kf2 {[%clk 0:06:15]}  Rd3 {[%clk 0:03:42]} 55. Nc4 {[%clk 0:06:29]}  Rb3 {[%clk 0:03:25]} 56. Nd6 {[%clk 0:06:10]}  Rxb6 {[%clk 0:02:14]} 57. Nf7+ {[%clk 0:06:36]}  Ke8 {[%clk 0:02:38]} 58. Nd6+ {[%clk 0:07:04]}  Kd8 {[%clk 0:03:02]} 59. Nf7+ {[%clk 0:07:30]}  Ke8 {[%clk 0:03:30]} 60. Nd6+ {[%clk 0:07:57]}  Kd8 {[%clk 0:00:41]} 1/2-1/2